03365ata a2201309 450000500170000000800410001702000180005804100080007608200170008424500410010126000130014226000140015526000090016930000190017865000150019765000250021265000250023765000220026265000220028465000230030665000230032965000300035265000230038265000210040565000240042665000240045065000240047465000270049865000200052565000320054565000170057765000130059465000150060765000130062265000290063565000210066465000300068565000110071565000110072665000110073765000090074865000270075765000230078465000240080765000170083165000090084865000100085765000220086765000190088965000240090865000100093265000080094265000180095065000110096865000240097965000260100365000270102965000320105665000120108865000240110065000190112465000150114365000180115865000170117665000280119365000240122165000190124565000200126465000200128465000180130465000220132265000100134465000120135465000100136665000260137665000170140265000140141965000170143365000120145065000140146265000100147665000270148665000250151365000180153865000200155665000130157665000300158965000260161965000210164565000320166665000270169865000220172565000170174765000150176465000150177965000180179465000160181265000150182865000150184365000140185865000210187265000150189365000160190865000140192465000200193865000150195865000120197365000130198594200130199899900150201195200290202620240809115842.0150515b xxu||||| |||| 00| 0 spa d a9788482592879 aESP a809.915 E96e aExpresión literaria y artística  aEspaña bAlfanauta c2008 a335 páginas  aLITERATURA aLITERATURA UNIVERSAL aGÉNEROS LITERARIOS aLITERATURA GRIEGA aLITERATURA ROMANA aLITERATURA ALEMANA aLITERATURA INGLESA aLITERATURA ESTADOUNIDENSE aLITERATURA ÁRABE aLITERATURA CHINA aLITERATURA JAPONESA aLITERATURA FRANCESA aLITERATURA ITALIANA aLITERATURA ESCANDINAVA aLITERATURA RUSA aLITERATURA HISPANOAMERICANA aROMANTICISMO aREALISMO aMODERNISMO aPOESÍA aPOESÍA CONTEMPORÁNEA aPOESÍA ANTIGUA aNARRATIVA CONTEMPORÁNEA aTEATRO aENSAYO aNOVELA aARTE aEDUCACIÓN PLÁSTICA aDISEÑO GRÁFICO aDISEÑO INDUSTRIAL aFOTOGRAFÍA aCINE aVIDEO aDISEÑO ASISTIDO aIMAGEN IMPRESA aPERCEPCIÓN VISUAL aCOLOR aLUZ aILUMINACIÓN aSOMBRA aLENGUAJE PLÁSTICO aDISEÑO PUBLICITARIO aDISEÑO TIPOGRÁFICO aPROCEDIMIENTOS PICTÓRICOS aCULTURA aARTE PREHISTÓRICO aARTE PRIMITIVO aASIA MENOR aARTE ORIENTAL aARTE EGIPCIO aARTE DEL IMPERIO ROMANO aARTE PALEOCRISTIANO aARTE BIZANTINO aARTE ISLÁMICO aARTE ROMÁNICO aARTE GÓTICO aARTE PRECOLOMBINO aMAYAS aAZTECAS aINCAS aARTE DEL RENACIMIENTO aARTE BARROCO aURBANISMO aARQUITECTURA aPINTURA aESCULTURA aDANZA aORÍGENES DE LA DANZA aÉPOCAS DE LA DANZA aDANZA MODERNA aDANZA CLÁSICA aMÚSICA aORÍGENES DE LA MÚSICA aMÚSICA RENACENTISTA aMÚSICA BARROCA aROMANTICISMO EN LA MÚSICA aMÚSICA IMPRESIONISTA aCULTURAS ANTIGUAS aRENACIMIENTO aEDAD MEDIA aTENEBRISMO aIMPRESIONISMO aNATURALISMO aCLASICISMO aSIMBOLISMO aHUMANISMO aPOSTROMANTICISMO aDADAÍSMO aSURREALISMO aFUTURISMO aEXISTENCIALISMO aSERIALISMO aVERISMO aFASCISMO cLIT2ddc c5534d5534 o809.915 E96ep14648yLIT